CompTIA Mobility+certification : (Record no. 98067)

MARC details
000 -LEADER
fixed length control field 03477nam a22002777a 4500
005 - DATE AND TIME OF LATEST TRANSACTION
control field 20160104091958.0
010 ## - LCCN (DPL NO)
LC control number ENG-114462
020 ## - INTERNATIONAL STANDARD BOOK NUMBER
Terms of availability 925.00
International Standard Book Number 9339222350
020 ## - INTERNATIONAL STANDARD BOOK NUMBER
Terms of availability 925.00
International Standard Book Number 9789339222352
035 ## - SYSTEM CONTROL NUMBER
System control number EN-97994
037 ## - SOURCE OF ACQUISITION
Source of stock number/acquisition DBAD/PUB
082 ## - DEWEY DECIMAL CLASSIFICATION NUMBER
Classification number 621.38456076
100 ## - MAIN ENTRY--PERSONAL NAME
Personal name Rogers, Bobby E.
245 ## - TITLE STATEMENT
Title CompTIA Mobility+certification :
Statement of responsibility, etc by Bobby E. Rogers
Remainder of title exam guide (exam MB0-001) /
260 ## - PUBLICATION, DISTRIBUTION, ETC. (IMPRINT)
Place of publication, distribution, etc Noida
Name of publisher, distributor, etc McGraw Hill Education
Date of publication, distribution, etc 2014
270 ## - ADDRESS
Address B-4, Sector - 63, Gautam Budh Nagar,
City Noida (UP)
Postal code 201301
300 ## - PHYSICAL DESCRIPTION
Extent xxvi,485p. :
Dimensions 24cm(pbk)
Other physical details ill.
Accompanying material 1CD-ROM
490 ## - SERIES STATEMENT
Series statement All-in-one
500 ## - GENERAL NOTE
General note Includes index
520 ## - SUMMARY, ETC.
Summary, etc "A new exam guide for the new certification on mobile computing technologies from CompTIAPrepare for CompTIA Mobility+ exam MB0-001 with McGraw-Hill Professional--a Platinum-Level CompTIA Authorized Partner offering Authorized CompTIA Approved Quality Content to give you the competitive edge on exam day.Get complete coverage of all objectives for CompTIA Mobility+ exam MB0-001 from this comprehensive resource. Written by an information security engineer, this authoritative guide fully addresses the skills and technologies required to successfully deploy, integrate, support, and mange a mobile environment. You'll find learning objectives at the beginning of each chapter, exam tips, practice exam questions, and in-depth explanations. Designed to help you pass this challenging exam, this definitive volume also serves as an essential on-the-job reference.Covers all exam topics, including: Networking concepts and the OSI model Network infrastructure and technologies Radio frequency principles Cellular technologies Wi-Fi client technologies Planning for mobile devices Implementing mobile device infrastructure Mobile security risks Mobile security technologies Troubleshooting network issues Monitoring and troubleshooting mobile security Troubleshooting client issues Electronic content includes: 200 practice exam questions Test engine that provides full-length practice exams and customized quizzes by chapter or by exam domain PDF copy of the book "-- |c Provided by publisher.
520 ## - SUMMARY, ETC.
Summary, etc "Get complete coverage of all objectives for CompTIA Mobility+ exam MB0-001 from this comprehensive resource. Written by an information security engineer, this authoritative guide fully addresses the skills and technologies required to successfully deploy, integrate, support, and manage a mobile environment. You'll find learning objectives at the beginning of each chapter, exam tips, practice exam questions, and in-depth explanations. Designed to help you pass this challenging exam, this definitive volume also serves as an essential on-the-job reference. Covers all exam topics, including: - Networking concepts and the OSI model - Network infrastructure and technologies - Radio frequency principles - Cellular technologies - Wi-Fi client technologies - Planning for mobile devices - Implementing mobile device infrastructure - Mobile security risks - Mobile security technologies - Troubleshooting network issues - Monitoring and troubleshooting mobile security - Troubleshooting client issues "-- |c Provided by publisher.
650 ## - SUBJECT ADDED ENTRY--TOPICAL TERM
Topical term or geographic name as entry element Mobile communication systems
General subdivision Examinations
Form subdivision Study guides.
650 ## - SUBJECT ADDED ENTRY--TOPICAL TERM
Topical term or geographic name as entry element Computer networks
General subdivision Examinations
Form subdivision Study guides.
650 ## - SUBJECT ADDED ENTRY--TOPICAL TERM
Topical term or geographic name as entry element Computer technicians
General subdivision Certification
Form subdivision Study guides.
942 ## - ADDED ENTRY ELEMENTS (KOHA)
Source of classification or shelving scheme Dewey Decimal Classification
Item type English Books
Call number suffix ROG
Classification part 621.38456076
Holdings
Withdrawn status Lost status Not for loan Collection code Home library Current library Date acquired Source of acquisition Cost, normal purchase price Full call number Barcode Copy number Cost, replacement price Koha item type
    Not For Loan Non-fiction D.B.Act.Division D.B.Act.Division 02/11/2015 DBAD/PUB 925.00 621.38456076 ROG EN-97994 1 925.00 English Books

© Delhi Public Library
Hit Counter
free hit counter